000 00461nam a2200169 i 4500
001 142952
003 ES-MaACL
005 20230906200653.0
007 t|
008 071011s1935 sp ||||1| spa d
100 1 _aVidal y Vidal, J.
_9114530
245 1 0 _aTratado de perspectiva /
_cpor J. Vidal y Vidal.
260 _aBarcelona :
_bEugenio Subirana,
_c1935.
300 _a225 p. ;
_c33 cm.
650 1 4 _aPerspectiva.
_915981
852 _aES-MaACL
_jF-15028
999 _c142952
_d142952